000 00911nac a22003017a 4500
001 BR0100335
003 BR-BrBNA
005 20240105122501.0
008 230509b bl.|||m| |||| 00| 0 por d
040 _aBR-BrBNA
_bpor
_cBiblioteca Nacional de Agricultura
072 _aF06
090 _aF06 BR0100335
100 1 _aSilveira, P.M. da
100 1 _aSilva, J.G. da
100 1 _aStone, L.F.
100 1 _aZimmermann, F.J.P.
110 1 _aEMBRAPA Arroz e Feijao, Goiania, GO (Brasil)
_93568
245 1 _aEfeito do sistema de preparo na densidade do solo
260 3 _aGoiania, GO (Brasil):
_c1999.
300 _a2 p.
490 _aPesquisa em Foco - EMBRAPA Arroz e Feijao (Brazil)
_vno. 23
_xISSN 1415-2304
650 _aSolo
650 _aPratica Cultural
650 _aCultivo Intensivo
650 _aIrrigacao
909 _a202312
_bLúcia Elande
_c55
_dLúcia Elande
942 _2AGRIS
_n0
_cMS
999 _c291274
_d291274